[Event "Vaujany op-B 8th"]
[Site "Vaujany"]
[Date "2017.07.20"]
[Round "8.8"]
[White "Drillat, Michel"]
[Black "Joachim, Rodny"]
[Result "1-0"]
[WhiteElo "1865"]
[BlackElo "1685"]
[PlyCount "45"]
[EventDate "2017.07.13"]
[EventType "swiss"]
[EventRounds "9"]
[EventCountry "FRA"]
[SourceTitle "EXT 2020"]
[Source "ChessBase"]
[SourceDate "2019.10.17"]
[SourceVersion "1"]
[SourceVersionDate "2019.10.17"]
[SourceQuality "1"]

1. d4 Nf6 2. c4 g6 3. Nc3 Bg7 4. e4 d6 5. f3 0-0 6. Be3 e5 7. Nge2 Qe7 8. Qd2 c5 9. d5 Ne8 10. g4 f5 11. gxf5 gxf5 12. 0-0-0 Qh4 13. Bg5 Qh5 14. Ng3 Qg6 15. Nxf5 Bxf5 16. exf5 Rxf5 17. h4 Rf7 18. h5 Qf5 19. Bh3 Qxf3 20. Be6 Kh8 21. Bxf7 Qxf7 22. Rdf1 Nf6 23. h6 1-0

[Event "Calvia Amateur op 13th"]
[Site "Calvia"]
[Date "2016.10.16"]
[Round "9"]
[White "Drillat, Michel"]
[Black "Driessen Llado, Pedro"]
[Result "0-1"]
[WhiteElo "1862"]
[BlackElo "1647"]
[PlyCount "106"]
[EventDate "2016.10.08"]
[EventType "swiss"]
[EventRounds "9"]
[EventCountry "ESP"]
[SourceTitle "CBM 175 Extra"]
[Source "ChessBase"]
[SourceDate "2016.12.12"]
[SourceVersion "1"]
[SourceVersionDate "2016.12.12"]
[SourceQuality "1"]

1. d4 Nf6 2. c4 e6 3. Nf3 b6 4. Nc3 Bb4 5. Bg5 Bb7 6. e3 0-0 7. Bd3 h6 8. Bh4 d5 9. 0-0 Nbd7 10. Rc1 Be7 11. Qe2 Ne4 12. Bxe7 Qxe7 13. cxd5 exd5 14. Ba6 Bxa6 15. Qxa6 Nxc3 16. Rxc3 c5 17. Rfc1 Rfc8 18. h3 Rc7 19. Qa3 Rac8 20. b3 Nf8 21. Ne5 f6 22. Nd3 Ne6 23. R3c2 Kf7 24. g3 cxd4 25. Qxe7+ Kxe7 26. Rxc7+ Rxc7 27. Rxc7+ Nxc7 28. exd4 Nb5 29. Nb4 Nxd4 30. Nxd5+ Kd6 31. Nf4 Ke5 32. h4 g5 33. hxg5 hxg5 34. Ng2 Ne2+ 35. Kf1 Nc1 36. Ke1 Nxa2 37. Kd2 Kd4 38. f4 Nc3 39. fxg5 fxg5 40. g4 Ne4+ 41. Ke2 a5 42. Ne3 b5 43. Nf5+ Kc3 44. Ke3 Nf6 45. Nd6 Nxg4+ 46. Kf3 Ne5+ 47. Ke4 Nc6 48. Nxb5+ Kxb3 49. Kf5 a4 50. Kxg5 Kb4 51. Nd6 a3 52. Nf5 a2 53. Ne3 Nd4 0-1

[Event "Aix les Bains op 1st"]
[Site "Aix les Bains"]
[Date "2014.08.10"]
[Round "2"]
[White "Drillat, Michel"]
[Black "Barbaras, Mathieu"]
[Result "1/2-1/2"]
[WhiteElo "1884"]
[BlackElo "2150"]
[PlyCount "118"]
[EventDate "2014.08.10"]
[EventType "swiss"]
[EventRounds "7"]
[EventCountry "FRA"]
[SourceTitle "CBM 161 Extra"]
[Source "ChessBase"]
[SourceDate "2014.08.29"]
[SourceVersion "1"]
[SourceVersionDate "2014.08.29"]
[SourceQuality "1"]

1. d4 Nf6 2. c4 e6 3. Nc3 Bb4 4. Nf3 b6 5. Bg5 Bb7 6. e3 h6 7. Bh4 Bxc3+ 8. bxc3 d6 9. Bd3 g5 10. Bg3 Ne4 11. Qc2 f5 12. d5 Nd7 13. Bxe4 fxe4 14. Qxe4 Qf6 15. Qxe6+ Qxe6 16. dxe6 Nc5 17. Nd4 Bxg2 18. Rg1 Bh3 19. 0-0-0 Bxe6 20. Nxe6 Nxe6 21. f4 0-0-0 22. fxg5 hxg5 23. Rgf1 Rdf8 24. Kc2 Nc5 25. Rxf8+ Rxf8 26. Rd5 Ne4 27. Kd3 c6 28. Rd4 Nxg3 29. hxg3 Kc7 30. Rg4 Rf5 31. Re4 Kd7 32. Rg4 Ke6 33. Re4+ Kd7 34. Rg4 Ra5 35. a4 Ke6 36. Re4+ Kf5 37. Rd4 Rxa4 38. Rxd6 c5 39. e4+ Kg4 40. e5 Ra1 41. Kd2 Ra2+ 42. Kd3 Rf2 43. Rf6 Rh2 44. Ke4 Kxg3 45. Kd5 Rh8 46. e6 g4 47. e7 Re8 48. Kd6 Kh2 49. Kd7 Rxe7+ 50. Kxe7 g3 51. Kd7 a5 52. Rxb6 g2 53. Rh6+ Kg3 54. Rg6+ Kf2 55. Rf6+ Ke3 56. Rg6 Kf2 57. Rf6+ Ke1 58. Rg6 Kf2 59. Rf6+ Ke3 1/2-1/2

[Event "Aix les Bains op 1st"]
[Site "Aix les Bains"]
[Date "2014.08.10"]
[Round "6"]
[White "Drillat, Michel"]
[Black "Barnier, Alain"]
[Result "0-1"]
[WhiteElo "1884"]
[BlackElo "2070"]
[PlyCount "144"]
[EventDate "2014.08.10"]
[EventType "swiss"]
[EventRounds "7"]
[EventCountry "FRA"]
[SourceTitle "CBM 161 Extra"]
[Source "ChessBase"]
[SourceDate "2014.08.29"]
[SourceVersion "1"]
[SourceVersionDate "2014.08.29"]
[SourceQuality "1"]

1. d4 Nf6 2. c4 g6 3. Nc3 Bg7 4. e4 d6 5. f3 0-0 6. Be3 Nc6 7. Nge2 a6 8. Nc1 e5 9. d5 Nd4 10. Nb3 Nxb3 11. Qxb3 Nd7 12. Bd3 Bh6 13. Bf2 Qg5 14. 0-0 f5 15. Qc2 Nf6 16. c5 Nh5 17. h4 Qe7 18. cxd6 cxd6 19. Ne2 Bd7 20. a4 Rac8 21. Qb3 Rc7 22. Qa3 Bc8 23. b4 Kg7 24. a5 Bd7 25. Rfb1 fxe4 26. Bxe4 Nf6 27. Ng3 Rfc8 28. Ne2 Nxe4 29. fxe4 Bb5 30. Ra2 Qd7 31. Be3 Bxe3+ 32. Qxe3 Qg4 33. Qf3 Qxh4 34. Rf1 Qe7 35. Qg4 h5 36. Qf3 Rc2 37. Rxc2 Rxc2 38. Rf2 Bxe2 39. Rxe2 Rc1+ 40. Kf2 Qh4+ 41. g3 Qh2+ 42. Qg2 Qxg2+ 43. Kxg2 Rc4 44. Rb2 Rxe4 45. b5 Rd4 46. bxa6 bxa6 47. Rb6 Rxd5 48. Rxa6 Rd2+ 49. Kf3 d5 50. Ke3 Rg2 51. Kf3 Ra2 52. Ra8 Ra3+ 53. Kf2 Kf6 54. a6 Kf5 55. a7 Ke4 56. Rg8 Ra2+ 57. Kf1 Rxa7 58. Rxg6 Kf3 59. Ke1 e4 60. Rg5 d4 61. Rxh5 Kxg3 62. Rd5 d3 63. Kd2 Kf4 64. Rd8 Ra2+ 65. Kc3 Ke3 66. Rh8 Rc2+ 67. Kb3 Rc1 68. Rh3+ Kd4 69. Rh2 Rb1+ 70. Ka2 Rb8 71. Rg2 e3 72. Rg4+ Kc3 0-1

[Event "Vaujany op 3rd"]
[Site "Vaujany"]
[Date "2012.07.16"]
[Round "5"]
[White "Michel, Stephan"]
[Black "Drillat, Michel"]
[Result "0-1"]
[WhiteElo "1989"]
[BlackElo "1910"]
[PlyCount "80"]
[EventDate "2012.07.12"]
[EventType "swiss"]
[EventRounds "9"]
[EventCountry "FRA"]
[SourceTitle "CBM 149 Extra"]
[Source "ChessBase"]
[SourceDate "2012.08.24"]
[SourceVersion "1"]
[SourceVersionDate "2012.08.24"]
[SourceQuality "1"]

1. e4 d5 2. exd5 Nf6 3. Bb5+ Bd7 4. Be2 Nxd5 5. d4 Bf5 6. Nf3 e6 7. 0-0 Be7 8. a3 0-0 9. c4 Nf6 10. Nc3 c6 11. b4 h6 12. h3 Nbd7 13. Qb3 Ne4 14. Nxe4 Bxe4 15. Be3 Nf6 16. Nd2 Bf5 17. Bf3 Rb8 18. a4 Qc7 19. Rfc1 Rfc8 20. Qc3 Qd7 21. b5 c5 22. dxc5 Bxc5 23. Nb3 Bxe3 24. Qxe3 Qd3 25. Qxd3 Bxd3 26. Na5 Be4 27. Rd1 Bxf3 28. gxf3 Rc5 29. Rac1 Rbc8 30. Nxb7 Rxc4 31. Rd8+ Rxd8 32. Rxc4 Rd1+ 33. Kg2 Rd7 34. Na5 Nd5 35. Rc8+ Kh7 36. Nc6 Nb6 37. Nxa7 Rxa7 38. Rc6 Nxa4 39. Ra6 Rxa6 40. bxa6 Kg6 0-1

[Event "Vaujany op 3rd"]
[Site "Vaujany"]
[Date "2012.07.14"]
[Round "3"]
[White "Adam, Gyorgy"]
[Black "Drillat, Michel"]
[Result "1-0"]
[WhiteElo "2066"]
[BlackElo "1910"]
[PlyCount "91"]
[EventDate "2012.07.12"]
[EventType "swiss"]
[EventRounds "9"]
[EventCountry "FRA"]
[SourceTitle "CBM 149 Extra"]
[Source "ChessBase"]
[SourceDate "2012.08.24"]
[SourceVersion "1"]
[SourceVersionDate "2012.08.24"]
[SourceQuality "1"]

1. e4 d5 2. exd5 Nf6 3. d4 Nxd5 4. c4 Nb6 5. Nc3 e5 6. dxe5 Qxd1+ 7. Nxd1 Nc6 8. f4 Bb4+ 9. Bd2 0-0 10. Bxb4 Nxb4 11. Ne3 c5 12. a3 Nc6 13. Nf3 f6 14. exf6 Rxf6 15. g3 Bf5 16. Nxf5 Re8+ 17. Kf2 Rxf5 18. Bd3 Rf6 19. b3 Rd8 20. Rad1 Rfd6 21. Bc2 Nd4 22. Nxd4 Rxd4 23. Rxd4 Rxd4 24. Rd1 Rxd1 25. Bxd1 Nd7 26. Ke3 Nf6 27. Bf3 b6 28. f5 Kf7 29. Kf4 Ke7 30. Ke5 h5 31. h3 Kd7 32. Bd5 Ke7 33. Bc6 Nh7 34. Bf3 Nf6 35. Bg2 Kd7 36. Bh1 Ke7 37. Bf3 Kd7 38. g4 hxg4 39. hxg4 Nh7 40. Kf4 Ke7 41. g5 Kd6 42. Bh5 Nf8 43. Be8 Ke7 44. Bb5 Kd6 45. g6 a6 46. Ba4 1-0

[Event "Vaujany op 3rd"]
[Site "Vaujany"]
[Date "2012.07.13"]
[Round "2"]
[White "Drillat, Michel"]
[Black "Brest, Jean Francois"]
[Result "1/2-1/2"]
[WhiteElo "1910"]
[BlackElo "2044"]
[PlyCount "111"]
[EventDate "2012.07.12"]
[EventType "swiss"]
[EventRounds "9"]
[EventCountry "FRA"]
[SourceTitle "CBM 149 Extra"]
[Source "ChessBase"]
[SourceDate "2012.08.24"]
[SourceVersion "1"]
[SourceVersionDate "2012.08.24"]
[SourceQuality "1"]

1. d4 d5 2. Nf3 Nf6 3. c4 c6 4. e3 e6 5. Nc3 Nbd7 6. Bd3 dxc4 7. Bxc4 b5 8. Bd3 a6 9. 0-0 c5 10. Qe2 Bb7 11. Rd1 Qb6 12. Bc2 Be7 13. e4 cxd4 14. Nxd4 Ne5 15. Bg5 0-0 16. a4 b4 17. a5 Qc7 18. Nb1 Rfd8 19. Nb3 Rxd1+ 20. Bxd1 Neg4 21. g3 Bxe4 22. N1d2 Bd5 23. Rc1 Qe5 24. Qxe5 Nxe5 25. Be2 Nc6 26. Nc4 Nd7 27. Bxe7 Nxe7 28. Ncd2 Kf8 29. Rc7 Ke8 30. Nc5 Nb8 31. Na4 Kd8 32. Rc1 Nd7 33. Bf3 Rc8 34. Rxc8+ Kxc8 35. Bxd5 exd5 36. Nb3 Nc6 37. f4 Kc7 38. Kf2 Kd6 39. Ke3 Nd8 40. Nd4 g6 41. g4 Nc6 42. Nb3 d4+ 43. Kd3 Nf6 44. g5 Nd5 45. Ke4 d3 46. Kxd3 Nxf4+ 47. Kc4 Nh3 48. Nac5 Nxg5 49. Nxa6 Nf3 50. Nxb4 f5 51. Nxc6 Kxc6 52. Nd4+ Nxd4 53. Kxd4 f4 54. b4 g5 55. Ke4 Kb5 56. h4 1/2-1/2

[Event "Chambery op 8th"]
[Site "Chambery"]
[Date "2002.08.03"]
[Round "2"]
[White "Brunner, Nicolas"]
[Black "Drillat, Michel"]
[Result "1-0"]
[WhiteElo "2253"]
[BlackElo "2057"]
[PlyCount "131"]
[EventDate "2002.08.02"]
[EventType "swiss"]
[EventRounds "9"]
[EventCountry "FRA"]
[SourceTitle "EXT 2020"]
[Source "ChessBase"]
[SourceDate "2019.10.17"]
[SourceVersion "1"]
[SourceVersionDate "2019.10.17"]
[SourceQuality "1"]

1. c4 Nf6 2. d4 c5 3. d5 b5 4. f3 bxc4 5. e4 d6 6. Bxc4 g6 7. Ne2 Bg7 8. 0-0 0-0 9. Nec3 Nbd7 10. a4 Nb6 11. Bb5 Bd7 12. Be2 a5 13. Na3 Ne8 14. Nab5 Nc7 15. Bg5 Nxb5 16. axb5 Re8 17. f4 Qc7 18. f5 c4 19. Be3 Rec8 20. Qe1 Be8 21. Qf2 Nd7 22. Ra4 Ne5 23. Rfa1 Nd3 24. Bxd3 cxd3 25. fxg6 hxg6 26. Bd4 Bxd4 27. Qxd4 Qc5 28. Qxc5 Rxc5 29. Rxa5 Rxa5 30. Rxa5 d2 31. Ra1 Bxb5 32. Rd1 Kg7 33. Kf2 Kf6 34. Rxd2 Ke5 35. Ke3 f5 36. Rf2 Bd7 37. exf5 gxf5 38. Kd3 Rc8 39. Re2+ Kf6 40. b4 e5 41. dxe6 Bxe6 42. Rb2 Ke5 43. b5 Bc4+ 44. Kd2 f4 45. b6 Ba6 46. Nb5 Bb7 47. Ke1 Rc1+ 48. Kf2 Rh1 49. Re2+ Kd5 50. Rd2+ Kc6 51. Nxd6 Ba6 52. Kf3 Rxh2 53. b7 Bxb7 54. Nxb7 Kxb7 55. Kxf4 Kc7 56. Kf3 Kc6 57. Rd8 Kc7 58. Rd1 Rh6 59. g4 Rf6+ 60. Kg3 Kc6 61. g5 Rd6 62. Rxd6+ Kxd6 63. Kg4 Ke7 64. Kh5 Kf7 65. Kh6 Kg8 66. Kg6 1-0

[Event "Val Thorens op"]
[Site "Val Thorens"]
[Date "2002.??.??"]
[Round "2"]
[White "Brunner, Nicolas"]
[Black "Drillat, Michel"]
[Result "1-0"]
[WhiteElo "2253"]
[BlackElo "2057"]
[PlyCount "61"]
[EventDate "2002.07.15"]
[EventType "swiss"]
[EventRounds "9"]
[EventCountry "FRA"]
[SourceTitle "EXT 2003"]
[Source "ChessBase"]
[SourceDate "2002.11.25"]
[SourceVersion "1"]
[SourceVersionDate "2002.11.25"]
[SourceQuality "1"]

1. d4 Nf6 2. c4 c5 3. d5 b5 4. cxb5 a6 5. f3 g6 6. e4 d6 7. a4 Bg7 8. Na3 0-0 9. Ne2 e6 10. dxe6 fxe6 11. Be3 Nxe4 12. fxe4 Qh4+ 13. Ng3 Be5 14. Bf2 Rxf2 15. Kxf2 Bb7 16. Bc4 Bd4+ 17. Ke1 d5 18. exd5 Nd7 19. bxa6 Bxd5 20. Bxd5 exd5 21. Qf3 Re8+ 22. Kd1 Nf6 23. Kc2 Be3 24. Nb5 Qc4+ 25. Nc3 d4 26. Qxf6 d3+ 27. Kb1 Bd4 28. Qc6 Bxc3 29. Qxe8+ Kg7 30. Qd7+ Kh6 31. Rc1 1-0